| 000 | 00000nas 2200000za 4500 |
| 001 | 9.501424 |
| 003 | CaOODSP |
| 005 | 20230404143512 |
| 007 | cr ||||||||||| |
| 008 | 150406d19962008oncqr pso||||f0 b0fre|d |
| 040 | |aCaOODSP|bfre |
| 043 | |an-cn--- |
| 086 | 1 |aF12-6F-PDF |
| 245 | 00|aTitres du gouvernement du Canada |h[ressource électronique]. |
| 260 | |a[Ottawa] : |bFinances Canada, |c[1996-2008]. |
| 310 | |aTrimestriel |
| 362 | 1 |aParaît depuis Mars 1996; ne paraît plus après Janvier 2008. |
| 500 | |aTrois ou quatre fois par année; Trimestriel depuis 2004. |
| 500 | |aPubl. aussi en anglais sous le titre : Government of Canada securities. |
| 520 | 3 |aCe bulletin trimestriel décrit le programme d'emprunt du gouvernement fédéral ainsi que l'évolution récente des marchés des titres à revenu fixe et de l'économie. Les données sont présentées dans des tableaux et des graphiques; elles comprennent des statistiques choisies sur l’économie canadienne. |
| 691 | 07|aDette|2gcpds |
| 691 | 07|aMarché|2gcpds |
| 691 | 07|aStatistiques économiques|2gcpds |
| 710 | 1 |aCanada. |bMinistère des finances, |eorganisme de publication. |
| 775 | 08|tGovernment of Canada securities |w(CaOODSP)9.505024 |
| 776 | 0#|tTitres du gouvernement du Canada |w(CaOODSP)9.512671 |